Informaciones
Descripción Física:
il. ; 55 cm
MARC
| LEADER | 00000nam a2200000Ia 4500 | ||
|---|---|---|---|
| 001 | |||
| 008 | 160829s1935 xx 000 0 cat d | ||
| 080 | |a Revistes | ||
| 245 | |a Informaciones | ||
| 260 | |a Madrid : |b [s.n.], |c 1935 | ||
| 300 | |a il. ; |c 55 cm | ||
| 590 | |a Diària. | ||
| 590 | |a Descripció basada en: Any 14, núm. 4041 (2 març de 1935). | ||
| 590 | |a Prové de 4481, exp. 85. | ||
| 590 | |a Els números corresponen a la celebració de la primera volta ciclista a Espanya | ||
| 650 | |a Informació general |x Espanya |x Revistes |9 47522 | ||
| 866 | |a Any 14, 1935 (4041, 4044, 4045, 4047, 4049, 4052, 4055, 4058, 4059, 4064) | ||
| 901 | |a Arxiu | ||
| 942 | |n 1 | ||
| 952 | |0 0 |1 0 |4 0 |6 REVISTES |7 1 |9 53938 |a Arxiu |b Arxiu |d 2016-12-01 |l 0 |o Revistes |r 2016-12-01 00:00:00 |w 2016-12-01 |y ARXIU | ||
| 999 | |c 57805 |d 57805 | ||